<The > role of ferry and ro-ro shipping in sustainable development of transport

Komparácia času prepravy trajektom a alternatívnym cestným prostriedkom. Externé náklady transportu. Klasifikácia trajektových a ro-ro prepravných plavidiel.

Salvato in:
Dettagli Bibliografici
Autore principale: Kotowska, Izabela
Natura: Capitolo di libro
Lingua:inglese
Soggetti:
Tags: Aggiungi Tag
Nessun Tag, puoi essere il primo ad aggiungerne!!

MARC

LEADER 00000naa a2200000 4500
001 0200657
005 20231129092230.9
041 0 |a eng 
044 |a CZ 
245 1 0 |a <The > role of ferry and ro-ro shipping in sustainable development of transport  |c Izabela Kotowska 
520 |a Komparácia času prepravy trajektom a alternatívnym cestným prostriedkom. Externé náklady transportu. Klasifikácia trajektových a ro-ro prepravných plavidiel. 
610 2 0 |a náklady skryté 
610 2 0 |a doprava lodná 
610 2 0 |a doprava medzinárodná 
610 2 0 |a doprava námorná 
610 2 0 |a doprava vodná 
610 2 0 |a rozvoj trvalo udržateľný 
610 2 0 |a Európska únia 
100 1 |a Kotowska, Izabela